El banquero anarquista / (Record no. 118450)

MARC details
000 -LEADER
campo de control de longitud fija 00579nam a2200181 4500
001 - NÚMERO DE CONTROL
campo de control 118450
003 - IDENTIFICADOR DE NÚMERO DE CONTROL
campo de control ES-MaACL
005 - FECHA Y HORA DE LA ÚLTIMA TRANSACCIÓN
campo de control 20240426111132.0
007 - CAMPO FIJO DE DESCRIPCIÓN FÍSICA--INFORMACIÓN GENERAL
campo de control de longitud fija t|
008 - DATOS DE LONGITUD FIJA--INFORMACIÓN GENERAL
campo de control de longitud fija 070214s1983 sp r ||||1| spa d
100 1# - ENTRADA PRINCIPAL--NOMBRE DE PERSONA
Nombre de persona Pessoa, Fernando,
Fechas asociadas al nombre 1888-1935
9 (RLIN) 91451
245 13 - MENCIÓN DEL TÍTULO
Título El banquero anarquista /
Mención de responsabilidad, etc. Fernando Pessoa ; versión y nota de José Antonio Llardent.
260 ## - PUBLICACIÓN, DISTRIBUCIÓN, ETC.
Lugar de publicación, distribución, etc. Valencia :
Nombre del editor, distribuidor, etc. Pre-Textos,
Fecha de publicación, distribución, etc. 1983.
300 ## - DESCRIPCIÓN FÍSICA
Extensión 79 p. ;
Dimensiones 19 cm.
700 1# - ENTRADA AGREGADA--NOMBRE PERSONAL
Nombre de persona Llardent, José Antonio,
Fechas asociadas al nombre 1925-1987
9 (RLIN) 72723
852 ## - LOCALIZACIÓN
Ubicación ES-MaACL
Número de control de estantería L-4594
Sublocalización o colección R.105299
Holdings
Estatus retirado Estado de pérdida Estado de daño No para préstamo Biblioteca de origen Biblioteca actual Ubicación en estantería Fecha de adquisición Fuente de adquisición Total de préstamos Signatura topográfica completa Código de barras Visto por última vez Precio de reemplazo Tipo de ítem Koha
        Biblioteca del Ateneo de Madrid Biblioteca del Ateneo de Madrid Depósito 2 17/01/2008     L-4594 1123483 23/02/2023 23/02/2023 Libro impreso